Poznatky z 5. demografickej konferencie

Bibliographic Details
Main Author: Kubanová, Jana (Author)
Format: Article
Language:Slovak
ISSN:1210-1095
Subjects:

MARC

LEADER 00000nab a2200000 a 4500
001 vtls000582542
003 SK-MaSNL
005 20260305004330.0
008 250425c1996 xo 0 slo
015 |a SNBRB19rr/mm-uuuuu 
035 |a CL0582681 
035 |a urn:nbn:sk:snk-ab75ta 
035 |a (uuid)8d23f20c-39dc-4eaf-942d-1f5bcd70711d 
035 |a (urnnbn)urn:nbn:sk:snk:ar-a070wl 
035 |a (sysno)vtls000582542 
040 |a SNKBUCL  |b slo  |c SNKBUCL  |e AACR2 
041 0 |a slo 
044 |a xo  |c SK 
080 |a 312(4):061.3  |2 1981 
100 1 |a Kubanová, Jana  |4 aut  |9 304986 
245 1 0 |a Poznatky z 5. demografickej konferencie  |c Jana Kubanová 
650 0 7 |a demografia  |2 snkbucl  |9 3827 
651 7 |a Európa stredná  |2 snkbucl  |9 23970 
655 7 |a články z novín a časopisov  |2 snkbucl  |9 267496 
773 0 |t Slovenská štatistika a demografia  |g Roč. 6, č. 1 (1996), s. 48-49  |x 1210-1095 
850 |a Slovenská národná knižnica 
852 |a Slovenská národná knižnica 
954 |a odborná, vedecká literatúra pôvodná (slovenská)  |2 lita 
958 |a article27 
958 |a RK 
958 |a OND 
958 |a EUIPO 
992 |a RBX 
999 |c 3235113  |d 3237043